• 首页
  • 本馆介绍
  • 公告通知
  • 最新文献
  • 馆藏检索
  • 电子资源
  • 读者导购
  • 参考咨询
  • 我的图书馆
  • 登录
  • 详细信息显示
  • 放入我的书架
  • 预约/预借图书
  • 作者相关作品
  • 分类相关作品
  • 丛书相关作品
  • 出版社相关作品

书目信息

  • 表格格式
  • 工作单格式
  • 卡片格式
题名:
电算化会计实务
    
 
作者: 王孝忠 , 刘重 主编
分册:  
出版信息: 北京   中国人民大学出版社  2005
页数: 372页
开本: 26cm
丛书名:
单 册:
中图分类: F232
科图分类:
主题词: 商用计算机 , 商用计算机--高等教育--教材
电子资源:
ISBN: 7-300-06881-2(含光盘)
000 01173nam0 2200301 450
000 01196nam0 2200301 450
000 01129nam0 2200277 450
000 01091nam0 2200265 45
005 20070725130734.06
010    @a7-300-06881-2(含光盘)@dCNY38.00
100    @a20070618d2005 em y0chiy0120 ea
101 0  @achi
102    @aCN@b110000
105    @ay z 000yy
200 1  @a电算化会计实务@ADian Suan Hua Hui Ji Shi Wu@f王孝忠,刘重主编@FWang Xiao Zhong, Liu Zhong Zhu Bian
210    @a北京@c中国人民大学出版社@d2005
215    @a372页@d26cm@e附光盘一片@e附习题册一本
300    @a21世纪高等继续教育精品教材
307    @a附:《电算化会计实务》习题集(65页,26cm)
307    @a附光盘:ISBN 7-900693-03-3
330    @a本书以最新版本的金碟KIS7.5标准版财务软件为依托,通过一套典型行业的系统化会计实验数据,从建账和系统初始化开始,完成设账、凭证输入、审核记账、编制会计报表到财务分析的主要会计业务计算机处理的全过程。
606 0  @a商用计算机
606 0  @a商用计算机@x高等教育@j教材
690    @aF232@v4
701  0 @a王孝忠@AWang Xiao Zhong@4主编
701  0 @a刘重@ALiu Zhong@c(会计学)@4主编
801  0 @aCN@bTAOJIN@c20070725
905    @a10447@dF232@e286
    
    电算化会计实务/王孝忠,刘重主编.-北京:中国人民大学出版社,2005
    372页;26cm+附光盘一片+附习题册一本
    21世纪高等继续教育精品教材
    
    ISBN 7-300-06881-2(含光盘):CNY38.00
    本书以最新版本的金碟KIS7.5标准版财务软件为依托,通过一套典型行业的系统化会计实验数据,从建账和系统初始化开始,完成设账、凭证输入、审核记账、编制会计报表到财务分析的主要会计业务计算机处理的全过程。
●
相关链接 在E读中查询图书 在五车中查询图书 在当当中查询图书 在豆瓣中查询图书


正题名:电算化会计实务     索取号:F232/286         预约/预借

序号 登录号 条形码 馆藏地/架位号 状态 备注
1 0825232   208252326   第一样本阅览室/ [索取号:F232/286] 在馆    
2 0825233   208252335   第一借阅区/ [索取号:F232/286] 在馆    
3 0825234   208252344   第一借阅区/ [索取号:F232/286] 在馆    
4 0825235   208252353   第一借阅区/ [索取号:F232/286] 在馆    
5 0825236   208252362   第一借阅区/ [索取号:F232/286] 在馆    
6 0825237   208252371   第一借阅区/ [索取号:F232/286] 在馆    
7 0825238   208252380   第一借阅区/ [索取号:F232/286] 在馆    
8 0825239   208252399   第一借阅区/ [索取号:F232/286] 在馆    
唐山师范学院图书馆 欢迎您!
大连网信软件有限公司© 版权所有